Metal Band Logos - Statistics

General Stats
  • This quiz has been taken 137 times
  • The average score is 9 of 16
Answer Stats
Picture Answer % Correct
Iron Maiden
95%
Guns N Roses
94%
Rammstein
83%
Avenged Sevenfold
81%
Limp Bizkit
76%
Judas Priest
74%
Motörhead
74%
Five Finger Death Punch
71%
Helloween
58%
Alien Ant Farm
38%
The Offspring
38%
Twisted Sister
28%
Biohazard
23%
Trivium
22%
Pennywise
8%
Volbeat
7%
No matching quizzes found
Score Distribution
Percent of People with Each Score
Percentile by Number Answered
Your Score History
You have not taken this quiz